Black Clover Popularity Polls - Statistics

General Stats
  • This quiz has been taken 113 times
  • The average score is 43 of 60
Answer Stats
Hint Answer % Correct
First Poll>1 Asta
100%
Second Poll>1 Asta
100%
Third Poll>1 Asta
100%
Fourth Poll>1 Asta
100%
2 Asta
100%
2 Asta
100%
4 Yuno
95%
3 Yuno
95%
4 Yuno
95%
4 Yuno
95%
9 Yuno
95%
4 Yuno
95%
3 Noelle
91%
9 Noelle
91%
3 Noelle
91%
5 Noelle
91%
Fifth Poll>1 Noelle
91%
Sixth Poll>1 Noelle
91%
2 Yami
91%
2 Yami
91%
2 Yami
91%
2 Yami
91%
7 Yami
91%
3 Yami
91%
7 Luck
89%
4 Luck
89%
9 Luck
89%
8 Luck
89%
5 Luck
89%
10 Magna
84%
8 Mimosa
72%
5 Julius
69%
8 Vanessa
66%
6 Charmy
61%
7 Charmy
61%
10 Nozel
58%
9 Fuegoleon
55%
6 Fuegoleon
55%
5 Nero
50%
6 Secre
50%
10 Secre
50%
3 Nacht
48%
8 Nacht
48%
10 Charlotte
47%
6 Charlotte
47%
3 Charlotte
47%
8 Charlotte
47%
6 Charlotte
47%
7 Mereoleona
47%
5 Mereoleona
47%
10 Mereoleona
47%
8 Gauche
45%
10 Gauche
45%
7 Gauche
45%
6 Gauche
45%
7 Gauche
45%
4 Dante
42%
5 Dante
42%
9 Leopold
42%
9 Kahono
16%
No matching quizzes found
Score Distribution
Percent of People with Each Score
Percentile by Number Answered
Your Score History
You have not taken this quiz